00567 a2200205 4500260001500000100001800015260002700033300001100060245009400071650001100165650002200176650003200198650002500230650002000255650002600275300002600301260000900327130000700336020001800343 aWageningen aBIEMOND, Henk bLandbouw Unviversiteit a171 p. aNitrogen nutrition effects on development, growth and nitrogen accumulation of vegetables aPatate aSolanum tuberosum aTeneur en matière sèche aFixation de la'azote aTeneur en azote aAnatomie végétale bcouv ill. ill.; 24 cm c1995 lEn a90-5485-428-6